000 00708nam a2200241Ia 4500
005 20251020182536.0
008 200515s9999 xx 000 0 und d
020 _a978-3-8480-0278-8
082 _a72.033.01/F49
100 _aFeierabend, Peter
100 _aFiedler, Jeannine
245 0 _aBAUHAUS
260 _aBarcelona
260 _bUllmann
260 _c2013
300 _bil., graf., fot., col.
500 _a1 ejemplar
520 _aProporciona al lector un panorama general del contexto histórico, cultural, filosófico, político y pedagógico de los años en los que surgio la escuela del Bauhaus.
650 _aARQUITECTURA
650 _aBAUHAUS
942 _cLIB
999 _c2223
_d2223